000 00914nam a22002177a 4500
003 BDDh-ASL
005 20231016062620.0
008 201028s2008 b ||||| |||| 00| 0 b d
040 _aBDDh-ASL
_cBDDh-ASL
041 _aben
082 _a920.71
_bRAA
100 1 _aইউসুফ, মনিরউদ্দীন
_92214
245 1 0 _aআমার জীবন আমার অভিজ্ঞতা:
_b[আত্মজীবনী] /
246 _aAmar Jiban Amar Obhigatya.
260 _aঢাকা:
_bকালান্তর প্রকাশনী,
_c১৯৯২।
300 _a২০৪ পৃষ্ঠা :
_c২২ সে. মি.
_bছবি; ম্যাপ;
600 1 0 _aইউসুফ, মনিরউদ্দীন
_92214
650 0 _abiographical dictionary - চরিতাভিধান
_94665
650 0 _94948
_aAutobiography (আত্মজীবনী)
942 _2ddc
_cBK
999 _c30988
_d30988